000 00506nam a2200181Ia 4500
005 20250508163313.0
008 008 250505s9999 xx 000 0 hin d
037 _aTextual
040 _aFEDL
_beng
_cFEDL
041 _ahin
_2eng
084 _a891.432, ASH
_qFEDL
100 _aAshk Upendra Nath
245 0 _aParda utthao! parda giraon!: Sat prahsan
260 _aPrayag, India
_bNilabh Prakashan Grah
300 _a288p
942 _cTEXL
_h891.432, ASH
999 _c1382195
_d1382195